YOK DAHA NELER SERİSİ-3 (Record no. 734527)
[ view plain ]
| 000 -LEADER | |
|---|---|
| sabit uzunluktaki kontrol alanı | 00249nam a2200097Ia 4500 |
| 001 - KONTROL NUMARASI | |
| kontrol alanı | 734527 |
| 005 - EN SON İŞLEMİN TARİH VE ZAMANI | |
| kontrol alanı | 20250826163835.0 |
| 008 - SABİT-UZUNLUKTA VERİ ÖĞELERİ--GENEL BİLGİ | |
| sabit uzunluktaki kontrol alanı | 250824s9999 xx 000 0 und d |
| 245 #0 - ESER / YAZAR | |
| ESER ADI | YOK DAHA NELER SERİSİ-3 |
| Yazar Adı | ASENA MERİÇ |
| 260 ## - YAYIN, DAĞITIM, VB. | |
| YAYIN EVİ | YEDİVEREN ÇOCUK |
| Düşüm durumu | Kayıp durumu | Hasar Durumu | Ödünç verilmez | Ana kütüphane | Geçerli Kütüphane | Edinilen tarih | Toplam ödünç verme sayısı | Barkod | Son görüntüleme tarihi | Son ödünç verme tarihi | Fiyatın geçerli olmaya başladığı tarih | Koha materyal türü |
|---|---|---|---|---|---|---|---|---|---|---|---|---|
| MUSTAFA BÜYÜKKAPLAN İMAM HATİP ORTAOKULU (ERKEK) | MUSTAFA BÜYÜKKAPLAN İMAM HATİP ORTAOKULU (ERKEK) | 24.08.2025 | 1 | 10054329 | 17.02.2026 | 13.02.2026 | 26.08.2025 | Books |